[Event "Pan-Am Intercollegiate 2012"]
[Site "Princeton USA"]
[Date "2012.12.28"]
[Round "2"]
[White "Shvartsman,A"]
[Black "Bykhovsky,An ISR"]
[Result "0-1"]
[WhiteElo "2273"]
[BlackElo "2513"]

1.e4 c5 2.Nf3 e6 3.d4 cxd4 4.Nxd4 a6 5.Bd3 Bc5 6.Nb3 Ba7 7.O-O Nc6 8.Nc3 Nf6
9.Qe2 d6 10.Kh1 b5 11.a3 O-O 12.Bg5 h6 13.Bxf6 Qxf6 14.f4 Bb7 15.Rae1 Rad8
16.e5 dxe5 17.fxe5 Qh4 18.Qe4 Qxe4 19.Bxe4 Ba8 20.a4 b4 21.Na2 Rd7 22.Nac1 Nd4
23.Nxd4 Rxd4 24.Bd3 a5 25.Nb3 Rg4 26.Re2 Bb6 27.Nd2 Rd8 28.Nc4 Bc7 29.b3 Rd7
30.h3 Rg5 31.Be4 Bd5 32.Rd1 Rd8 33.Bxd5 Rxd5 34.Rde1 Rg3 35.Re3 Rxe3 36.Rxe3 f6
37.g4 Bxe5 38.Rd3 Rxd3 39.cxd3 Bc7 40.Kg2 Kf7 41.Kf3 f5 42.Ne3 g6 43.Nc4 Kf6
44.Ne3 Ke5 45.Nc2 Bb6 46.Kg3 Kd5 47.Kf3 e5 48.gxf5 gxf5 49.Ke2 e4 50.Ne1 Kd4
51.Kd2 e3+ 52.Kc2 Ke5 53.Ng2 f4 54.Ne1 f3 55.Nxf3+ Kf4 56.Ng1 Kg3 57.Ne2+ Kxh3
58.d4 Kg2 59.Kd3 Kf2 60.Nf4 Bxd4 61.Kxd4 e2 62.Kc5 e1=Q 63.Nd3+ Kf1 64.Nxe1 Kxe1
65.Kb6 h5  0-1

[Event "29th Travemuender Schach-Open"]
[Site "Travemuende GER"]
[Date "2012.12.28"]
[Round "3.4"]
[White "Powierski,E"]
[Black "Mainka,R"]
[Result "1/2-1/2"]
[WhiteElo "2153"]
[BlackElo "2431"]

1.e4 c5 2.Nf3 e6 3.d4 cxd4 4.Nxd4 a6 5.Bd3 Ne7 6.O-O Nbc6 7.c3 Ng6 8.Be3 Qc7
9.Nd2 Bd6 10.g3 Be7 11.a4 Nge5 12.Be2 Na5 13.Rc1 Nac4 14.Nxc4 Nxc4 15.Bf4 d6
16.b3 Ne5 17.c4 b6 18.Be3 Bb7 19.f4 Nd7 20.Bf3 Nf6 21.Qd3 O-O 22.f5 e5 23.Ne2 Nd7
24.Nc3 Nc5 25.Qd1 a5 26.Nd5 Bxd5 27.cxd5 Rfc8 28.Rc4 Qd8 29.Kg2 Bg5 30.Bf2 Rab8
31.h4 Bh6 32.Bxc5 bxc5 33.Qd3 Rb4 34.Rf2 Rcb8 35.Rxb4 Rxb4 36.Bd1 Rd4 37.Qe2 Bd2
38.Bc2 h6 39.Qf3 Qf6 40.Bd3 Be1 41.Rc2 h5 42.Bc4 Qh6 43.Kf1 Bd2 44.Ke2 Bb4
45.Kf1 Kh7 46.Kg2 Bd2 47.Kf1 Kg8 48.Kg2 g5 49.fxg6 Qxg6 50.Bd3 Bf4 51.Rc3 Bh6
52.Rc4 Bd2  1/2-1/2

[Event "XXIII Krakow Open"]
[Site "Krakow POL"]
[Date "2012.12.29"]
[Round "3.7"]
[White "Mastrovasilis,D"]
[Black "Hnydiuk,A"]
[Result "1-0"]
[WhiteElo "2616"]
[BlackElo "2416"]

1.e4 c5 2.Nf3 e6 3.d4 cxd4 4.Nxd4 a6 5.Bd3 Nf6 6.Qe2 d6 7.Be3 g6 8.Nd2 Qc7
9.a4 b6 10.O-O Bg7 11.N4b3 Nbd7 12.a5 b5 13.c4 b4 14.c5 dxc5 15.Rfc1 Bf8
16.Nc4 Be7 17.Nb6 Nxb6 18.axb6 Qxb6 19.Nxc5 Qb8 20.Bh6 Nd7 21.Nxa6 Bxa6 22.Rxa6 Bd6
23.Rxa8 Qxa8 24.Bb5  1-0

[Event "XXIII Krakow Open"]
[Site "Krakow POL"]
[Date "2012.12.29"]
[Round "4.18"]
[White "Klimentov,R"]
[Black "Grinev,V"]
[Result "0-1"]
[WhiteElo "2238"]
[BlackElo "2376"]

1.e4 c5 2.Nf3 e6 3.d4 cxd4 4.Nxd4 a6 5.Bd3 Bc5 6.Nb3 Be7 7.O-O d6 8.c4 Nf6
9.Nc3 Qc7 10.Be3 b6 11.Rc1 Bb7 12.f3 O-O 13.Qe2 Nbd7 14.Qf2 Rac8 15.Rfd1 Bd8
16.Be2 Qb8 17.Nd2 Bc7 18.Nf1 Rfe8 19.Kh1 Bc6 20.b4 Ne5 21.a4 Ba8 22.c5 bxc5
23.bxc5 dxc5 24.Rb1 Bb7 25.Bxa6 Bxa6 26.Rxb8 Rxb8 27.Nb5 Bxb5 28.axb5 Rxb5
29.Bxc5 Ng6 30.Be3 Reb8 31.Qc2 Bb6 32.h3 Bxe3 33.Nxe3 R5b7 34.Kh2 h6 35.Qc6 Rb3
36.Nc4 Rc3 37.Qd6 Ra8 38.Qd4 Rc2 39.Ne3 Re2 40.e5 Nd5 41.Nxd5 exd5 42.Qxd5 Raa2
43.Qd8+ Kh7 44.Rg1 Nf4 45.Qc7 Nxg2 46.Qxf7 Nh4+ 47.Kg3 Ng6 48.f4 Ra3+ 49.Kg4 Rf2
50.Qf5 Rff3 51.h4 Rh3 52.Qc2 Rxh4+ 53.Kf5 Rxf4+ 54.Ke6 Ra6+ 55.Kd5 Rfa4 56.Re1 Ra2
57.Qf5 Rg2 58.e6 Ra5+  0-1

[Event "29th Travemuender Schach-Open"]
[Site "Travemuende GER"]
[Date "2012.12.29"]
[Round "5.1"]
[White "Korneev,O"]
[Black "Voloshin,L"]
[Result "1-0"]
[WhiteElo "2602"]
[BlackElo "2426"]

1.e4 c5 2.Nf3 e6 3.d4 cxd4 4.Nxd4 a6 5.Bd3 Nf6 6.O-O d6 7.c4 Be7 8.Nc3 O-O
9.Kh1 Nc6 10.Be3 Bd7 11.f4 Rc8 12.Nf3 Qc7 13.Rc1 Qb8 14.Qe2 Rfe8 15.a3 Ng4
16.Bg1 f5 17.exf5 exf5 18.Qc2 Nh6 19.Nd5 Bf8 20.Nh4 Ne7 21.Nb6 Rcd8 22.Nxd7 Rxd7
23.Nxf5 Nhxf5 24.Bxf5 Nxf5 25.Qxf5 Rf7 26.Qd5 Qc7 27.Rce1 Rxe1 28.Rxe1 Qc6
29.Qe6 Qd7 30.f5 Qxe6 31.fxe6 Rc7 32.Bb6 Re7 33.Bd8 Re8 34.e7 Bxe7 35.Bxe7 g5
36.Re3 h6 37.h4 Kf7 38.Bxg5  1-0

[Event "36th Zurich Christmas Open"]
[Site "Zuerich SUI"]
[Date "2012.12.29"]
[Round "5.17"]
[White "Schaerer,J"]
[Black "Kurmann,O"]
[Result "1/2-1/2"]
[WhiteElo "2222"]
[BlackElo "2456"]

1.e4 c5 2.Nf3 e6 3.d4 cxd4 4.Nxd4 a6 5.Bd3 Bc5 6.Nb3 Be7 7.Qg4 g6 8.Qe2 d6
9.Na3 Nc6 10.Nc4 b5 11.Ne3 Nf6 12.a4 b4 13.Nc4 a5 14.Bh6 Qc7 15.Rd1 e5 16.Bg7 Rg8
17.Bxf6 Bxf6 18.Ne3 Be6 19.Nd5 Bxd5 20.exd5 Ne7 21.O-O Kf8 22.Qd2 Kg7 23.c4 bxc3
24.bxc3 Nxd5 25.Bxg6 hxg6 26.Qxd5 Qxc3 27.Rd3 Qb4 28.Qxd6 Qxd6 29.Rxd6 Rgb8
30.Nc5 Rb4 31.Rd5 e4 32.Re1 Bc3 33.Rc1 Re8 34.g3 Bd4 35.Kg2 e3 36.fxe3 Rb2+
37.Kh1 Rh8 38.h4 Bxe3 39.Rf1 g5 40.Rdf5 gxh4 41.Rxf7+ Kg6 42.g4 Bxc5 43.R1f6+ Kg5
44.Rf5+ Kxg4 45.Rf4+ Kg3 46.Rf3+  1/2-1/2

[Event "28th Post Open"]
[Site "Duesseldorf GER"]
[Date "2012.12.30"]
[Round "7.3"]
[White "Wengenroth,W"]
[Black "Vasiljevs,J"]
[Result "1-0"]
[WhiteElo "2336"]
[BlackElo "2149"]

1.e4 c5 2.Nf3 e6 3.d4 cxd4 4.Nxd4 a6 5.Bd3 Nc6 6.Nxc6 dxc6 7.Nd2 e5 8.Qh5 Bd6
9.Nc4 Nf6 10.Nxd6+ Qxd6 11.Qe2 O-O 12.O-O b5 13.b3 Bg4 14.f3 Be6 15.Rd1 Rfd8
16.a4 h6 17.Be3 Qe7 18.Qe1 b4 19.Qg3 Nd7 20.Bxh6 f6 21.Be3 c5 22.Qf2 a5 23.Rd2 Rac8
24.Ba6 Rc7 25.Rad1 Ra8 26.Rd6 Nf8 27.Qe2 Qf7 28.R1d2 c4 29.Rxe6 Nxe6 30.Bxc4 Qe7
31.Bd5 Re8 32.Qa6 Kh7 33.Qxa5 Nd4 34.Bxd4 exd4 35.Bc4 Qe5 36.Qxb4 Qf4 37.Re2 Re5
38.Qd2 Qh4 39.Qxd4 Rce7 40.Qf2 Qf4 41.Qe3 Qh4 42.Qf2 Qf4 43.Qg3 Qc1+ 44.Qe1 Qf4
45.Qd2 Qh4 46.f4 Rh5 47.h3 g5 48.Qd8 Rg7 49.Qxf6 Qg3 50.Qf5+ Kh6 51.Qf6+ Kh7
52.e5 gxf4 53.Bd3+ Kh8 54.Qf8+ Rg8 55.Qf6+ Rg7 56.Rf2 Rxh3 57.Qxf4 Qxf4 58.Rxf4 Re3
59.Rf8+ Rg8 60.Rxg8+ Kxg8 61.e6 Kf8 62.Bc4 Rc3 63.a5 Rxc2 64.a6 Ra2 65.Kh2 Ke7
66.Kh3 Ra5 67.Kg4 Kf6 68.g3 Ra1 69.Kf4 Ra3 70.Ke4 Ra5 71.Kd4 Ke7 72.b4 Ra3
73.Kc5 Rxg3 74.a7 Ra3 75.Kb6 Ra4 76.b5 Kd6 77.Kb7  1-0

[Event "ALG-TUR Women 2012"]
[Site "Algiers ALG"]
[Date "2012.12.31"]
[Round "8.1"]
[White "Abdi,Zineb Dina"]
[Black "Menzi,N"]
[Result "0-1"]
[WhiteElo "1902"]
[BlackElo "1858"]

1.e4 c5 2.Nf3 e6 3.d4 cxd4 4.Nxd4 a6 5.Bd3 Qc7 6.O-O Nf6 7.Qe2 d6 8.c4 Nbd7
9.Nc3 b6 10.Be3 Bb7 11.Rac1 Be7 12.f4 Nc5 13.Bf2 Rc8 14.b3 O-O 15.Bb1 Qb8
16.b4 Ncd7 17.g4 g6 18.g5 Nh5 19.Be3 Rfe8 20.a3 Bf8 21.Bd3 Bg7 22.Nb3 d5
23.e5 dxc4 24.Bxc4 Nxe5 25.fxe5 Bxe5 26.Nd1 Qd6 27.Nd2 b5 28.Bc5 Rxc5 29.bxc5 Qxc5+
30.Nf2 Nf4 31.Qg4 bxc4 32.Nxc4 Bb8 33.Nd2 Qf5 34.Qxf5 Ne2+  0-1

[Event "XXIII Krakow Open"]
[Site "Krakow POL"]
[Date "2012.12.31"]
[Round "6.15"]
[White "Bakalarz,L"]
[Black "Grinev,V"]
[Result "0-1"]
[WhiteElo "2178"]
[BlackElo "2376"]

1.e4 c5 2.Nf3 e6 3.d4 cxd4 4.Nxd4 a6 5.Bd3 Bc5 6.Nb3 Be7 7.c4 d6 8.O-O Nf6
9.Nc3 Qc7 10.Be3 b6 11.Rc1 Bb7 12.f4 Nbd7 13.Nd2 Rc8 14.h3 Qb8 15.b4 Qa8
16.a3 O-O 17.g4 g6 18.g5 Nh5 19.Qg4 Ng7 20.Bd4 f5 21.gxf6 Bxf6 22.Bxf6 Nxf6
23.Qg5 b5 24.Qg3 bxc4 25.Nxc4 Nxe4 26.Nxe4 Bxe4 27.Qe3 Bxd3 28.Qxd3 Nf5 29.Kh2 Rc6
30.Na5 Rxc1 31.Rxc1 Qa7 32.Rc2 Nd4 33.Rc4 e5 34.Nc6 Nxc6 35.Qd5+ Kh8 36.Rxc6 Qf2+
37.Qg2 Qxf4+ 38.Kh1 Qe3  0-1

[Event "Australian Open 2013"]
[Site "Cammeray AUS"]
[Date "2013.01.02"]
[Round "1.23"]
[White "Zelesco,Karl"]
[Black "Bennett,Calvin"]
[Result "1-0"]
[WhiteElo "2143"]
[BlackElo "1793"]

1.e4 c5 2.Nf3 e6 3.d4 cxd4 4.Nxd4 a6 5.Bd3 Bc5 6.Nb3 b6 7.Nxc5 bxc5 8.Qg4 Nf6
9.Qxg7 Rg8 10.Qh6 Rg6 11.Qh4 Nc6 12.e5 Nxe5 13.Bxg6 Nxg6 14.Qg5 d6 15.O-O Rb8
16.Re1 Rb4 17.h3 Bb7 18.Bd2 Rh4 19.Nc3 Rh5 20.Qg3 Nh4 21.f3 Nf5 22.Qf2 Nd4
23.Be3 e5 24.Bxd4 cxd4 25.Qxd4 Kd7 26.Qa4+ Kc8 27.Qc4+  1-0

[Event "16th New Year Open"]
[Site "Guben GER"]
[Date "2013.01.02"]
[Round "2"]
[White "Heinemann,Josefine"]
[Black "Bielinski,D"]
[Result "1/2-1/2"]
[WhiteElo "1902"]
[BlackElo "2220"]

1.e4 c5 2.Nf3 e6 3.d4 cxd4 4.Nxd4 a6 5.Bd3 Bc5 6.Be3 d6 7.O-O Nf6 8.Nc3 O-O
9.e5 dxe5 10.Nxe6 Bxe6 11.Bxc5 Re8 12.Ne4 Nbd7 13.Be3 Nxe4 14.Bxe4 Qc7 15.c3 Nf6
16.Bf3 Rad8 17.Qc2 Bg4 18.Be2 Rd7 19.f3 Nd5 20.Bf2 Bh5 21.Rfd1 Red8 22.Qb3 Qc6
23.Bf1 Bg6 24.Bh4 f6 25.Bf2 Bf7 26.Qc2 Nf4 27.Rxd7 Qxd7 28.Bb6 Rc8 29.Rd1 Qe6
30.Be3 Qxa2 31.Bxf4 exf4 32.Qf5 Be6 33.Qe4 Qb3 34.Re1 Bd5 35.Qxf4 Qxb2 36.Qf5 Rd8
37.Bd3 Qb6+ 38.Kh1 g6 39.Qg4 Bf7 40.Bc4 Qc7 41.Bxf7+ Qxf7 42.h4 Kg7 43.Qb4 Rd7
44.c4 Rc7 45.c5 Qd7 46.Qc4 b6 47.Qxa6 bxc5 48.Rc1 Qd5 49.Qa5 Qe5 50.Re1 Qg3
51.Re4 Rd7 52.Qa4 Rb7 53.Qc2 Qb8 54.Re1 Qd6 55.Rd1 Qe5 56.Qc4 Rb4 57.Rd7+ Kh6
58.Rxh7+ Kxh7 59.Qf7+  1/2-1/2

[Event "XXIII Krakow Open"]
[Site "Krakow POL"]
[Date "2013.01.02"]
[Round "7.17"]
[White "Klimentov,R"]
[Black "Sivuk,V"]
[Result "0-1"]
[WhiteElo "2238"]
[BlackElo "2482"]

1.e4 c5 2.Nf3 e6 3.d4 cxd4 4.Nxd4 a6 5.Bd3 Nf6 6.O-O Qc7 7.Qe2 d6 8.c4 g6
9.Nc3 Bg7 10.Nf3 Nbd7 11.Bf4 O-O 12.Rfd1 Ng4 13.Rac1 Nge5 14.b4 b6 15.Nxe5 Nxe5
16.Qe3 Bd7 17.Be2 Rfc8 18.Bh6 f6 19.Bxg7 Kxg7 20.Qd4 Nf7 21.f4 Ra7 22.a3 Qb8
23.g4 e5 24.Qf2 exf4 25.Qxf4 Rf8 26.Qd2 Bc6 27.Qd4 Re7 28.Rf1 Ng5 29.Bf3 Qc8
30.Qxd6 Nxf3+ 31.Rxf3 Qxg4+ 32.Rg3 Qe6 33.Rd1 Rfe8 34.Qxe6 Rxe6 35.Rgd3 Bxe4
36.Rd7+ Kh6 37.Nxe4 Rxe4 38.R7d6 Rg4+ 39.Kf2 Rxc4 40.Rxb6 Rc2+ 41.Kg1 f5
42.Rxa6 Ree2 43.Rad6 Rg2+ 44.Kf1 Rxh2 45.Kg1 Rcg2+ 46.Kf1 Ra2 47.Kg1 f4 48.R6d3 Kg5
49.b5 Rhb2 50.b6 Kg4 51.b7 Rxb7 52.R3d2 Rxa3  0-1

[Event "25th Staufer Open"]
[Site "Schwaebisch Gmuend GER"]
[Date "2013.01.02"]
[Round "1.13"]
[White "Bracker,F"]
[Black "Schwarz,Larissa"]
[Result "0-1"]
[WhiteElo "2376"]
[BlackElo "1893"]

1.e4 c5 2.Nf3 e6 3.d4 cxd4 4.Nxd4 a6 5.Bd3 Nc6 6.Nxc6 bxc6 7.Nc3 d5 8.O-O Nf6
9.Qe2 Be7 10.b3 O-O 11.Bb2 Qc7 12.Rae1 Bb7 13.e5 Nd7 14.Na4 c5 15.c4 d4 16.Bc1 Rfd8
17.f4 Nf8 18.f5 exf5 19.Rxf5 Bc8 20.Rff1 Be6 21.Nb2 Rab8 22.Be4 Ng6 23.Nd3 Qd7
24.Bd2 Rf8 25.g3 Rbc8 26.h4 Bg4 27.Qh2 Bd8 28.Rf2 Ne7 29.Qg2 Bh3 30.Qh1 Ng6
31.h5 Ne7 32.Nf4 Bg4 33.Nd5 h6 34.Ref1 Be6 35.Qf3 Rb8 36.Nf4 Bg4 37.Qd3 Bc7
38.Bh7+ Kh8 39.e6 fxe6  0-1

[Event "25th Staufer Open"]
[Site "Schwaebisch Gmuend GER"]
[Date "2013.01.02"]
[Round "2.25"]
[White "Kohlmeier,F"]
[Black "Braun,P"]
[Result "0-1"]
[WhiteElo "1981"]
[BlackElo "2236"]

1.e4 c5 2.Nf3 e6 3.d4 cxd4 4.Nxd4 a6 5.Bd3 Bc5 6.Nb3 Be7 7.O-O Qc7 8.Qg4 g6
9.Bd2 Nf6 10.Qh3 Nc6 11.Bc3 e5 12.Qf3 O-O 13.N1d2 b5 14.a3 d6 15.Rfe1 Be6
16.Rad1 Bg4 17.Qg3 Bxd1 18.Rxd1 d5 19.exd5 Nxd5 20.Be4 Rad8 21.h4 Nf4 22.Re1 Nd4
23.Kf1 Nxb3 24.cxb3 Bf6 25.Qf3 Bg7 26.g3 Ne6 27.Bb4 Rfe8 28.Qe3 Nd4 29.Nf3 Nc2
30.Qc1 Rc8 31.Bxc2 Qxc2 32.Qxc2 Rxc2 33.Bc3 e4 34.Nd4 Bxd4 35.Bxd4 f5 36.b4 Rd8
37.Bc3 Rd3 38.Ra1 e3 39.Re1 exf2 40.Re2 Rxe2 41.Kxe2 Rxg3 42.Kxf2 Rd3 43.Ke2 Rh3
44.Be1 Kf7 45.Bc3 Ke6 46.Kd2 Rxh4 47.b3 Kd5  0-1

[Event "25th Staufer Open"]
[Site "Schwaebisch Gmuend GER"]
[Date "2013.01.03"]
[Round "3.5"]
[White "Dgebuadze,A"]
[Black "Hahn,Markus"]
[Result "1-0"]
[WhiteElo "2524"]
[BlackElo "2211"]

1.e4 c5 2.Nf3 e6 3.d4 cxd4 4.Nxd4 a6 5.Bd3 Nf6 6.Nc3 d6 7.f4 Qc7 8.Qf3 b5
9.Be3 Bb7 10.g4 Nfd7 11.O-O-O Nc5 12.Kb1 Nbd7 13.g5 g6 14.h4 Bg7 15.h5 b4
16.Nce2 O-O-O 17.h6 Bf8 18.Bd2 Qb6 19.Qe3 Be7 20.Rhf1 Rhe8 21.Nb3 d5 22.Nxc5 Bxc5
23.Qf3 Nb8 24.Nc1 dxe4 25.Bxe4 Bxe4 26.Qxe4 Rd4 27.Qe5 Nc6 28.Qg7 Rd7 29.Qxh7 Bd4
30.Be3 Bxe3 31.Rxd7 Kxd7 32.Qxf7+ Re7 33.Qxg6 Bxc1 34.Rxc1 Qd4 35.Qh5 Na5  1-0

[Event "Australian Open 2013"]
[Site "Cammeray AUS"]
[Date "2013.01.04"]
[Round "3.7"]
[White "Wei,M"]
[Black "Ikeda,J"]
[Result "0-1"]
[WhiteElo "2107"]
[BlackElo "2345"]

1.e4 c5 2.Nf3 e6 3.d4 cxd4 4.Nxd4 a6 5.Bd3 g6 6.Be3 Bg7 7.Qe2 Ne7 8.c3 d5
9.Nd2 e5 10.N4b3 O-O 11.O-O f5 12.f3 Nd7 13.a4 dxe4 14.fxe4 f4 15.Bf2 g5
16.Nc5 Nxc5 17.Bxc5 Ng6 18.Bxf8 Bxf8 19.b4 a5 20.Bc4+ Kg7 21.b5 Bc5+ 22.Kh1 g4
23.g3 h5 24.Qd3 Qxd3 25.Bxd3 h4 26.Nb3 Be3 27.Rae1 hxg3 28.Rxe3 g2+ 29.Kxg2 fxe3
30.Kg3 b6 31.Re1 Be6 32.c4 Rh8 33.Bf1 e2 34.Rxe2 Bxc4 35.Nd2 Bxe2 36.Bxe2 Rh3+
37.Kxg4 Rxh2  0-1

[Event "XXIII Krakow Open"]
[Site "Krakow POL"]
[Date "2013.01.04"]
[Round "9.29"]
[White "Nowicki,B"]
[Black "Wee Chu En,K"]
[Result "1-0"]
[WhiteElo "2142"]
[BlackElo "2048"]

1.e4 c5 2.Nf3 e6 3.d4 cxd4 4.Nxd4 a6 5.Bd3 Nf6 6.O-O Qc7 7.Qe2 d6 8.c4 Nbd7
9.b3 g6 10.Bb2 Bg7 11.f4 O-O 12.Nd2 Re8 13.N2f3 Nc5 14.e5 Nfd7 15.Rae1 dxe5
16.fxe5 Nxe5 17.Bb1 Nxf3+ 18.Nxf3 Bd7 19.Bxg7 Kxg7 20.Qb2+ Kg8 21.Ng5 Rf8
22.b4 Na4 23.Qd4 Rad8 24.Qh4 h5 25.Nxf7 Rxf7 26.Rxf7 Kxf7 27.Rf1+ Kg8 28.Qe7 Qb6+
29.c5  1-0

[Event "11th Parsvnath Open"]
[Site "New Delhi IND"]
[Date "2013.01.05"]
[Round "1.46"]
[White "Vaishali,R"]
[Black "Karthikeyan,M2"]
[Result "0-1"]
[WhiteElo "2000"]
[BlackElo "2341"]

1.e4 c5 2.Nf3 e6 3.d4 cxd4 4.Nxd4 a6 5.Bd3 Nf6 6.O-O Qc7 7.Be3 b5 8.a4 b4
9.c3 Bb7 10.Nd2 d5 11.exd5 Nxd5 12.cxb4 Bxb4 13.Rc1 Qe7 14.Nc4 O-O 15.Qh5 g6
16.Qh3 Nd7 17.Bh6 Rfd8 18.Ne3 Ne5 19.Be2 Rac8 20.Nxd5 Rxd5 21.Rxc8+ Bxc8
22.Nc2 Bd6 23.Ne3 Rd4 24.Ng4 Nxg4 25.Bxg4 Bb7 26.Qc3 Be5 27.Qe3 Rxg4 28.g3 Qd6
29.Re1 Qd5 30.Kf1 Qg2+ 31.Ke2 Re4  0-1

[Event "11th Parsvnath Open"]
[Site "New Delhi IND"]
[Date "2013.01.06"]
[Round "3.32"]
[White "Pratyusha,B"]
[Black "Kulkarni,R"]
[Result "0-1"]
[WhiteElo "2128"]
[BlackElo "2306"]

1.e4 c5 2.Nf3 e6 3.d4 cxd4 4.Nxd4 a6 5.Bd3 Ne7 6.O-O Nbc6 7.Nxc6 Nxc6 8.f4 g6
9.Nd2 Bg7 10.Nf3 O-O 11.c3 b5 12.Be3 d6 13.Qe2 Qe7 14.Rad1 Bb7 15.Bb6 Rab8
16.Bb1 Ba8 17.Qf2 b4 18.cxb4 Nxb4 19.a3 Nc6 20.b4 Rfc8 21.f5 exf5 22.exf5 Ne5
23.Nxe5 Bxe5 24.Bd4 Rb5 25.Rc1 Rxc1 26.Rxc1 Bb7 27.Be3 Bb2 28.Re1 Re5 29.Bd2 Bd4  0-1

[Event "25th Staufer Open"]
[Site "Schwaebisch Gmuend GER"]
[Date "2013.01.06"]
[Round "9.9"]
[White "Bracker,F"]
[Black "Hahn,Markus"]
[Result "1-0"]
[WhiteElo "2376"]
[BlackElo "2211"]

1.e4 c5 2.Nf3 e6 3.d4 cxd4 4.Nxd4 a6 5.Bd3 Nf6 6.O-O Qc7 7.Qe2 d6 8.c4 g6
9.Nc3 Bg7 10.Nf3 Nc6 11.Bf4 e5 12.Bg5 Bg4 13.Qe3 Bxf3 14.Qxf3 Nd4 15.Qd1 O-O
16.Qd2 Ne6 17.Be3 Nd7 18.f3 Qd8 19.Bc2 Nb8 20.Ba4 Nc6 21.Bxc6 bxc6 22.b4 Rb8
23.Rab1 Nd4 24.a3 Qe7 25.Qd3 Rfc8 26.Rfc1 Bf6 27.Qd2 Ne6 28.Rd1 Nd4 29.Qd3 h5
30.a4 h4 31.h3 Rb7 32.Rb2 Qd7 33.Ne2 Rcb8 34.Rdb1 d5 35.cxd5 cxd5 36.Nc3 dxe4
37.Qxe4 Bg7 38.Kh1 Qf5 39.b5 axb5 40.axb5 Qd7 41.b6 Qd6 42.Nb5 Nxb5 43.Rxb5 Bf6
44.f4 exf4 45.Bxf4 Qa3 46.Bxb8 Rxb8 47.Qf4  1-0

[Event "11th Parsvnath Open"]
[Site "New Delhi IND"]
[Date "2013.01.07"]
[Round "4.28"]
[White "Lokesh,P"]
[Black "Sachdev,T"]
[Result "1-0"]
[WhiteElo "2198"]
[BlackElo "2403"]

1.e4 c5 2.Nf3 e6 3.d4 cxd4 4.Nxd4 a6 5.Bd3 Nf6 6.O-O Qc7 7.c4 d6 8.Qe2 g6
9.Nc3 Bg7 10.Rd1 O-O 11.Nf3 Nbd7 12.h3 b6 13.Bf4 Bb7 14.Rac1 Rac8 15.Qe3 Rfe8
16.Bf1 e5 17.Bg5 Qb8 18.b4 Bf8 19.Bxf6 Nxf6 20.a4 a5 21.Nd5 Bxd5 22.cxd5 axb4
23.Bb5 Rxc1 24.Rxc1 Rc8 25.Bc6 Qa7 26.Rb1 Qa5 27.Qe1 b3 28.Qe3 Qb4 29.Rxb3 Qxe4
30.Qxe4 Nxe4 31.Rxb6 Be7 32.Rb4 Nc5 33.a5 e4 34.Nd2 f5 35.Rb5 Rc7 36.Rb8+ Kg7
37.Nc4 Ra7 38.Ra8 Rxa8 39.Bxa8 Bd8 40.Bb7 Bc7 41.a6 Bb8 42.Bc8 Nd3 43.Nxd6 Ba7
44.Nb5 Bxf2+ 45.Kf1 Kf6 46.d6  1-0

[Event "18th Bosnjaci Open"]
[Site "Bosnjaci CRO"]
[Date "2013.01.08"]
[Round "8.8"]
[White "Zivkovic,Vj"]
[Black "Bosnjak,N"]
[Result "1/2-1/2"]
[WhiteElo "2380"]
[BlackElo "2231"]

1.e4 c5 2.Nf3 e6 3.d4 cxd4 4.Nxd4 a6 5.Bd3 Bc5 6.Nb3 Be7 7.Be3 Nf6 8.N1d2 d6
9.f4 b6 10.Qe2 Nbd7 11.O-O-O Qc7 12.g4 Nc5 13.Nxc5 bxc5 14.g5 Nd7 15.h4 Bb7
16.Rhf1 O-O 17.f5 Rfe8 18.f6 Bf8 19.h5 Ne5 20.g6 gxf6 21.Rxf6 fxg6 22.hxg6 Bg7
23.Rf2 hxg6 24.Bf4 Rf8 25.Bxe5 Rxf2 26.Qxf2 Bxe5 27.Nc4 Rf8 28.Qg1 Bf4+ 29.Kb1 Qg7
30.Qg4 Bc8 31.Nb6 Qf6 32.e5 dxe5 33.Nxc8 Rxc8 34.Bxg6 Rd8 35.Rg1 Kf8 36.Be4 Qg5
37.Qxg5 Bxg5 38.c3 Bf4 39.a4 a5 40.Ka2  1/2-1/2

[Event "Australian Open 2013"]
[Site "Cammeray AUS"]
[Date "2013.01.08"]
[Round "7.6"]
[White "Solomon,SJ"]
[Black "Nakauchi,G"]
[Result "0-1"]
[WhiteElo "2410"]
[BlackElo "2191"]

1.e4 c5 2.Nf3 e6 3.d4 cxd4 4.Nxd4 a6 5.Bd3 Bc5 6.Nb3 Ba7 7.c4 d6 8.Nc3 Nc6
9.O-O Nf6 10.Bf4 h6 11.Be2 e5 12.Bg3 Be6 13.Qd3 Rc8 14.Rad1 Nd4 15.Nd5 O-O
16.Nxd4 Bxd4 17.Kh1 Nd7 18.b4 b5 19.cxb5 Nb6 20.Nxb6 Qxb6 21.a4 Bc4 22.Qxc4 Rxc4
23.Bxc4 axb5 24.a5 Qc6 25.Bd5 Qc2 26.f4 Qb2 27.fxe5 dxe5 28.Rb1 Qd2 29.a6 Kh7
30.h3 Rc8 31.Rbd1 Qxb4 32.Bb7 Rc2 33.Rxd4 Qxd4 34.Bh2 Qd2 35.Rg1 Ra2 36.Bxe5 b4
37.Bb8 b3 38.a7 b2 39.e5 Qc2 40.a8=Q Rxa8 41.Bxa8 b1=Q 42.Bd6 Qba2 43.Bf3 Qf2
44.Rd1 Qac2 45.Ra1 Qg3 46.Rf1 Qc4 47.Rd1 Qcf4  0-1

[Event "Prague Open A 2013"]
[Site "Prague CZE"]
[Date "2013.01.09"]
[Round "1.12"]
[White "Lushnikov,E"]
[Black "Kanovsky,D"]
[Result "1/2-1/2"]
[WhiteElo "2032"]
[BlackElo "2412"]

1.e4 c5 2.Nf3 e6 3.d4 cxd4 4.Nxd4 a6 5.Bd3 Nf6 6.O-O d6 7.c4 g6 8.Nc3 Bg7
9.Be3 O-O 10.Rc1 b6 11.f4 Bb7 12.g4 Re8 13.g5 Nfd7 14.Bb1 Bf8 15.Qd2 Nc6
16.Qf2 Nxd4 17.Bxd4 Rc8 18.b3 Nc5 19.Bf6 Qc7 20.f5 gxf5 21.exf5 Qc6 22.Qg3 exf5
23.Bxf5 Re3 24.Bxh7+ Kxh7 25.Qh4+ Kg6 26.Nd5 Re4 27.Qh8 Rg4+ 28.Kf2 Ne4+
29.Ke3 Nxg5 30.Bxg5 Qe8+ 31.Ne7+ Qxe7+ 32.Bxe7 Bh6+ 33.Qxh6+  1/2-1/2

[Event "Prague Open A 2013"]
[Site "Prague CZE"]
[Date "2013.01.10"]
[Round "2.2"]
[White "Rasik,V"]
[Black "Kunz,K"]
[Result "1-0"]
[WhiteElo "2516"]
[BlackElo "2228"]

1.e4 c5 2.Nf3 e6 3.d4 cxd4 4.Nxd4 a6 5.Bd3 Nf6 6.O-O d6 7.c4 Be7 8.Nc3 O-O
9.b3 b6 10.Bb2 Bb7 11.Qe2 Nc6 12.Nxc6 Bxc6 13.f4 Nd7 14.Rad1 Qb8 15.Nd5 Bd8
16.Qg4 g6 17.f5 Bxd5 18.fxg6 fxg6 19.exd5 Nf6 20.Qxe6+ Kg7 21.g4  1-0

[Event "Paul Keres Mem IM 2013"]
[Site "Tallin EST"]
[Date "2013.01.16"]
[Round "5.5"]
[White "Ladva,O"]
[Black "Laurusas,T"]
[Result "1-0"]
[WhiteElo "2267"]
[BlackElo "2413"]

1.e4 c5 2.Nf3 e6 3.d4 cxd4 4.Nxd4 a6 5.Bd3 Bc5 6.Nb3 Be7 7.O-O d6 8.Qg4 Bf6
9.c4 Ne7 10.Nc3 Nd7 11.Qe2 Qc7 12.f4 b6 13.g4 h6 14.e5 Bh4 15.exd6 Qxd6 16.Ne4 Qc7
17.Bd2 Bb7 18.Bb4 Bxe4 19.Bxe4 Rc8 20.Rac1 Nc5 21.Nxc5 bxc5 22.Bc3 Bf6 23.Bxf6 gxf6
24.f5 Qe5 25.Rce1 Rb8 26.Qf3 Qd4+ 27.Kh1 e5 28.b3 Qd2 29.Re2 Qg5 30.Rd1 h5
31.gxh5 Qxh5 32.Qd3 Kf8 33.Rg2 Re8 34.Qd6 Rg8 35.Rxg8+ Kxg8 36.Rg1+ Kh7 37.Qxf6 Rg8
38.Re1 Nc8 39.Qxe5 Qh4 40.f6+ Kh8 41.Bg2 Nd6 42.Re3 Re8 43.Qxe8+ Nxe8 44.Rxe8+  1-0

[Event "5th Chennai Open 2013"]
[Site "Chennai IND"]
[Date "2013.01.18"]
[Round "3"]
[White "Swathi,G"]
[Black "Lu Shanglei"]
[Result "0-1"]
[WhiteElo "2254"]
[BlackElo "2526"]

1.e4 c5 2.Nf3 e6 3.d4 cxd4 4.Nxd4 a6 5.Bd3 Nf6 6.O-O Qc7 7.Qe2 d6 8.c4 g6
9.Nc3 Bg7 10.Rd1 O-O 11.Nf3 b6 12.h3 Bb7 13.Bf4 Nh5 14.Bd2 Nd7 15.Rac1 Rae8
16.g4 Nhf6 17.Bf4 h5 18.g5 Nh7 19.Qe3 f5 20.gxf6 Rxf6 21.Be2 e5 22.Bg3 Ref8
23.Nd5 Bxd5 24.exd5 a5 25.b3 Qc5 26.Nd2 Qxe3 27.fxe3 Bh6 28.Rc3 Nc5 29.Kg2 Ng5
30.Bd3 Nf3 31.Nxf3 Rxf3 32.Bxg6 Kh8 33.Bb1 h4 34.Bh2 Bxe3 35.Rd2 e4 36.Rxe3 Rg8+
37.Kh1 Rf1+  0-1

[Event "TCh-AUT 2012-13"]
[Site "Graz AUT"]
[Date "2013.01.18"]
[Round "5.2"]
[White "Kraemer,Mart"]
[Black "Weiss,C"]
[Result "1-0"]
[WhiteElo "2520"]
[BlackElo "2406"]

1.e4 c5 2.Nf3 e6 3.d4 cxd4 4.Nxd4 a6 5.Bd3 Nf6 6.O-O Qc7 7.Qe2 Bd6 8.f4 Bc5
9.Be3 Qb6 10.c3 Nc6 11.Kh1 Nxd4 12.cxd4 Bxd4 13.Bxd4 Qxd4 14.Nc3 d5 15.Rad1 Qb6
16.e5 Nd7 17.f5 Nc5 18.Bb1 Bd7 19.fxe6 Bxe6 20.Nxd5 Bxd5 21.Rxd5 Ne6 22.Rd6 Qc7
23.Qh5 Qe7 24.Qh3 Rd8 25.Bg6 Ng5 26.Bxf7+ Qxf7 27.Rxf7 Rxd6 28.Qb3  1-0

[Event "5th Chennai Open 2013"]
[Site "Chennai IND"]
[Date "2013.01.19"]
[Round "4"]
[White "Lu Shanglei"]
[Black "Karthikeyan,M2"]
[Result "1-0"]
[WhiteElo "2526"]
[BlackElo "2352"]

1.e4 c5 2.Nf3 e6 3.d4 cxd4 4.Nxd4 a6 5.Bd3 Nf6 6.Nc3 Qc7 7.Qe2 d6 8.Bg5 Be7
9.O-O-O Nc6 10.Bc4 O-O 11.f4 h6 12.h4 b5 13.Nxc6 Qxc6 14.Bd3 b4 15.e5 dxe5
16.Ne4 Nd5 17.fxe5 Bb7 18.Bxh6 gxh6 19.Qg4+ Kh8 20.Qh5 Kg7 21.Rh3 Rh8 22.Rf1 Qe8
23.Rhf3 f5 24.exf6+ Nxf6 25.Nxf6 Bxf6 26.Rg3+  1-0

[Event "TCh-SVK Extraliga 2012-13"]
[Site "Slovakia SVK"]
[Date "2013.01.20"]
[Round "6.6"]
[White "Mazur,Ste"]
[Black "Zetocha,C"]
[Result "1/2-1/2"]
[WhiteElo "2388"]
[BlackElo "2360"]

1.e4 c5 2.Nf3 e6 3.d4 cxd4 4.Nxd4 a6 5.Bd3 g6 6.O-O Bg7 7.Nb3 Ne7 8.c4 O-O
9.Nc3 Nbc6 10.Be2 d6 11.Be3 b6 12.Qd2 Bb7 13.Bg5 Qc7 14.Rfd1 Rad8 15.Rac1 Rfe8
16.Nd5 exd5 17.cxd5 Qd7 18.dxc6 Bxc6 19.Qf4 h6 20.Bxh6 Bxh6 21.Qxh6 Bxe4
22.Bd3 Nf5 23.Qf4 Bxd3 24.Rxd3 Qb5 25.Qd2 Re4 26.f3 Rc4 27.Re1 Rdc8 28.Rd5 Qd7
29.g4 Rc2 30.Qd3 Nh4 31.Re2 Rxe2 32.Qxe2 Re8 33.Qd3 Qe6 34.Nd2 Qe1+ 35.Qf1 Qe6
36.Rd3 Qxa2 37.Qf2 Qa1+ 38.Nf1 g5 39.f4 Re4 40.fxg5 Rxg4+ 41.Rg3 Qd1 42.Qxb6 Rf4
43.Qxa6 Qd4+ 44.Ne3 Qxb2 45.Qc8+ Kg7 46.Qc2 Nf3+ 47.Kh1 Qa1+ 48.Qd1 Qxd1+
49.Nxd1 Kg6 50.Kg2 Nxg5 51.Rd3 Ne4 52.Ne3 Rf2+ 53.Kg1 f5 54.Rxd6+  1/2-1/2